La Diócesis de Alcalá y Madrid (Record no. 182111)

MARC details
000 -LEADER
campo de control de longitud fija 00544nam a2200157 i 4500
001 - NÚMERO DE CONTROL
campo de control 182111
003 - IDENTIFICADOR DE NÚMERO DE CONTROL
campo de control ES-MaACL
005 - FECHA Y HORA DE LA ÚLTIMA TRANSACCIÓN
campo de control 20230906221530.0
008 - DATOS DE LONGITUD FIJA--INFORMACIÓN GENERAL
campo de control de longitud fija 130617s1884 sp |||| | spa d
100 1# - ENTRADA PRINCIPAL--NOMBRE DE PERSONA
Nombre de persona Martín-Esperanza y Díaz, Ignacio.
9 (RLIN) 152887
245 13 - MENCIÓN DEL TÍTULO
Título La Diócesis de Alcalá y Madrid
Resto del título : páginas de actualidad /
Mención de responsabilidad, etc. por Ignacio Martin-Esperanza y Díaz.
260 ## - PUBLICACIÓN, DISTRIBUCIÓN, ETC.
Lugar de publicación, distribución, etc. Guadalajara :
Nombre del editor, distribuidor, etc. [s.n.],
Fecha de publicación, distribución, etc. 1884 (
Fabricante Imp. Provincial)
300 ## - DESCRIPCIÓN FÍSICA
Extensión 26 p. ;
Dimensiones 20 cm.
610 24 - PUNTO DE ACCESO ADICIONAL DE MATERIA--NOMBRE DE ENTIDAD CORPORATIVA
Nombre de entidad corporativa o nombre de jurisdicción como elemento de entrada Madrid-Alcalá (Diócesis)
9 (RLIN) 152886
852 ## - LOCALIZACIÓN
Ubicación ES-MaACL
Número de control de estantería T-366-F-4
Holdings
Estatus retirado Estado de pérdida Estado de daño No para préstamo Colección Biblioteca de origen Biblioteca actual Ubicación en estantería Fecha de adquisición Fuente de adquisición Total de préstamos Signatura topográfica completa Código de barras Visto por última vez Precio de reemplazo Tipo de ítem Koha
        Colección de folletos Biblioteca del Ateneo de Madrid Biblioteca del Ateneo de Madrid Depósito folletos 17/06/2013     T-366-F-4 1191378 23/02/2023 23/02/2023 Folleto